000 01620nam a2200337 i 4500
001 768714001
003 CO-MdFUSB
005 20210907093019.0
007 ta
008 200609t2006 ck |||| |||| 00| 0 spa d
020 _a9588293162
040 _aCO-MdFUSB
_bspa
_cCO-MdFUSB
_dCO-MdFUSBC
_erda
041 _aspa
082 _223
_a863.64
_bB389
100 _aBecerra, Ángela
_d1957
_eautor
245 3 _aLo que le falta al tiempo
_c/ Ángela Becerra ; editado por Benjamín Villegas
264 1 _aBogotá, Colombia :
_bVillegas editores,
_c[2006]
264 4 _c©2006
300 _c561 páginas ;
_a21 cm
336 _2rdacontent
_atexto
_btxt
337 _2rdamedia
_asin mediación
_bn
338 _2rdacarrier
_avolumen
_bnc
490 _aColección Dorada. Interés general; Villegas. Novela histórica
520 _aMazarine es una joven estudiante de pintura que vive sola en el Barrio Latino de París. En su casa encierra un valioso secreto que ha sido conservado a través de generaciones y puede cambiar el rumbo del arte. Su vida se verá conmocionada por la aparición de Cádiz, un genio de la pintura, creador de un movimiento revolucionario que despierta en ella una pasión sin limites. Un tenebroso personaje, miembro de una misteriosa secta medieval, convertirá su vida en una pesadilla ¿Por qué la persigue? ¿Qué quiere de ella? ¿Qué intereses se esconden detrás de ese secreto?
563 _aRústico
650 7 _2embne
_92519
_aLiteratura colombiana
_yS.XIX
653 _aNovela colombiana.
700 _95092
_aVillegas, Benjamín ‎
_eeditor
942 _cBK
945 _aDani
999 _c66060
_d66060